000 01214nam a2200253 a 4500
999 _c8072
_d8072
005 20180312151706.0
008 130430s2004 ck ab gr 001 0bspa
040 _aCO-BoBLA
_cCO-BoBLA
_dCO-BoIAVH
041 0 _aspa
044 _ack
082 0 4 _a333.72
_bL18f
090 _aFG-
_b0060
245 0 0 _aLagunas de Fúquene, Cucunubá y Palacio:
_bEchémonos el agua
260 _aBogotá :
_bInstituto de Investigación de Recursos Biológicos Alexander von Humboldt :
_bFundación Humedales :
_bAutoridad Ambiental CAR,
_c2004.
300 _a11 páginas :
_bilustraciones y mapas ;
_c29 x 21 cm.
490 0 _aSerie documentos divulgativos ;
_v1
650 2 6 _aRecursos naturales
_zFúquene (Laguna, Cundinamarca, Colombia)
650 2 6 _aRecursos naturales
_zPalacio (Laguna, Cundinamarca, Colombia)
650 2 6 _aRecursos naturales
_zCucunubá (Laguna, Cundinamarca, Colombia)
650 2 6 _aConservación de la naturaleza
_zFúquene (Laguna, Cundinamarca, Colombia)
650 2 6 _aConservación de la naturaleza
_zPalacio (Laguna, Cundinamarca, Colombia)
650 2 6 _aConservación de la naturaleza
_zCucunubá (Laguna, Cundinamarca, Colombia)
942 _2z
_cFolleto